01970cam a2200373 a 450000100090000000300040000900500170001300800410003001000170007102000390008802000360012703500240016304000590018704300210024605000210026708200170028810000220030524500880032726000510041530000260046649000570049250000500054950400640059950505110066365000340117465000360120865100390124465100410128365100280132465100300135283000560138285600830143885600750152115422772OSt20180117090008.0080822s2009 nyu b 001 0 eng  a 2008037416 a9780231700665 (cloth : alk. paper) a0231700660 (cloth : alk. paper) a(OCoLC)ocn226360222 aDLCcDLCdBTCTAdBAKERdYDXCPdC#PdBWXdQMCdCDXdDLC aa-pk---aa-bg---00aDS384b.M38 200900a954.91052221 aMilam, William B.10aBangladesh and Pakistan :bflirting with failure in South Asia /cWilliam B. Milam. aNew York :bColumbia University Press,cc2009. axii, 276 p. ;c23 cm.1 aADST-DACOR diplomats and diplomacy series ;v34th v. a"An ADST-DACOR diplomats and diplomacy book." aIncludes bibliographical references (p. 261-269) and index.0 aIntroduction: The turning points -- The legacy of two bloody partitions -- Flawed leaders and failed democracies -- From military to civilian rule in Bangladesh -- From military to semi-military rule in Pakistan -- The Ershad military intervention -- Electoral democracy is not enough -- Electoral democracy revisits Pakistan, 1988-99 -- Pakistan's self-fulling prophecy: The military back in power -- Economic and social development and the NGOs -- Still on the brink after thirty-seven years -- Epilogue. 0aIslam and politicszPakistan. 0aIslam and politicszBangladesh. 0aPakistanxPolitics and government. 0aBangladeshxPolitics and government. 0aPakistanxCivilization. 0aBangladeshxCivilization. 0aADST-DACOR diplomats and diplomacy series ;vv. 34.413Table of contents onlyuhttp://www.loc.gov/catdir/toc/ecip0826/2008037416.html423Book review (H-Net)uhttp://www.h-net.org/reviews/showrev.php?id=33437